00291nam a2200097Ia 4500008004100000082001600041100001800057245007900075260002900154300001000183210430s9999 xx 000 0 und d a297.272Y35I aYayla, Atilla aIslam, civil society & market economy(or mandi ki maeeshat)cYayla, Atilla aislamabadblibertyc2002 a166p.